000 00810nas a2200253 i 4500
001 1261
003 ES-MaACL
005 20250403191020.0
007 t|
008 950801c1961 gw | | 1 ||pa d
080 _a430
245 0 0 _aInternational Scala.
250 _aEd. espaƱol.
260 _aFrankfurt :
_bFrankfurter Societats Druckerci,
_c[1961]-
300 _a10 v. :
_bgrab. ;
_c35 cm.
310 _aMensual
362 0 _a(1961)-
650 1 4 _aRevistas de información general.
_916896
655 7 _2tgfbne
_9226866
_aRevistas
852 _aES-MaACL
_jHEM-H-153
_dOlim: HEM-1187
_cHEM
866 0 _o(1963f.n.6)(1964f.n.5y7)(1965f.n.1y4)(1966f.n.4y10)(1967f.n.9)(1968f.n.1y3y5y10y12)1969-73(1974f.n.5-6)(1975f.n.11-12)(1976).
942 _2udc
_cPERIODICA
999 _c1261
_d1261